| 000 | 00623pam a2200181 a 4500 | ||
|---|---|---|---|
| 020 | _a0471109371 (cloth : alk. paper) | ||
| 040 | _cDLC | ||
| 082 | 0 | 0 | _a620 JWI 1996 A043 Or. |
| 100 | 1 | _aWilliams, James H. | |
| 245 | 1 | 0 | _aFundamentals of applied dynamics / |
| 260 |
_aNew York : _bJ. Wiley, _cc1996. |
||
| 300 |
_axxi, 854 p. : _bill. (some col.), map ; _c25 cm. |
||
| 650 | 0 | _aDynamics. | |
| 856 | 4 | 2 | _uhttp://www.loc.gov/catdir/description/wiley031/95032940.html |
| 856 | 4 | _uhttp://www.loc.gov/catdir/toc/onix01/95032940.html | |
| 856 | 4 | 2 | _uhttp://www.loc.gov/catdir/enhancements/fy0708/95032940-b.html |
| 942 | _cEK | ||
| 999 |
_c12608 _d12608 |
||